Click the Pet Shop Boys Title Ending - Statistics

General Stats
  • This quiz has been taken 73 times
  • The average score is 23 of 30
Answer Stats
Hint Answer % Correct
Left to My Own Devices
95%
Always on My Mind
95%
Go West
95%
It's a Sin
93%
What Have I Done to Deserve This
93%
West End Girls
92%
Can You Forgive Her
92%
A Different Point of View
92%
I Wouldn't Normally Do This Kind of Thing
87%
I Don't Know What You Want But I Can't Give It Anymore
83%
Closer to Heaven
83%
Being Boring
82%
Domino Dancing
82%
Love Comes Quickly
82%
Why Don't We Live Together
82%
Two Divided by Zero
82%
It's Alright
78%
To Face the Truth
78%
New York City Boy
77%
One More Chance
75%
This Must Be the Place I Waited Years to Leave
75%
King's Cross
73%
I Want a Dog
73%
Se a Vide E (That's the Way Life) Is
73%
So Hard
65%
My October Symphony
60%
Love is a Bourgeois Construct
58%
Home and Dry
52%
Love Etc
52%
Only the Wind
48%
No matching quizzes found
Score Distribution
Percent of People with Each Score
Percentile by Number Answered
Your Score History
You have not taken this quiz